Qué es eso de filosofía?

Guardat en:
Dades bibliogràfiques
Format: Llibre
Idioma:espanyol
Publicat: Buenos Aires Sur 1960
Col·lecció:Ensayos
Matèries:
Etiquetes: Afegir etiqueta
Sense etiquetes, Sigues el primer a etiquetar aquest registre!

MARC

LEADER 00000nam a2200000 a 4500
001 UCV8499
003 CL-VaPUC
008 910910e19600000AG |||||||||||||||||spa|d
082 0 4 |a 142.7  |b HEI  |2 21 
245 1 0 |a Qué es eso de filosofía? 
300 |a 75 p 
942 |c BK 
945 |d 19910910 00:00:00  |a aalvarez 
260 |a Buenos Aires  |b Sur  |c 1960 
650 0 |a Filosofía   |9 223554 
583 |a last modification  |c 19910910 00:00:00  |k Rodrigo Vera 
490 0 |a Ensayos 
999 |c 214009  |d 214007 
952 |0 0  |1 0  |2 ddc  |4 0  |6 142_700000000000000_HEI_1960  |7 0  |8 A  |9 196991  |a BIBARQ  |b BIBARQ  |c PAC  |d 2019-11-14  |i 2647389  |o 142.7 HEI 1960  |p 2647389  |r 2025-01-20  |w 2019-11-14  |y BK  |k ARQ 
952 |0 0  |1 0  |4 0  |6 142_700000000000000_HEI_1960  |7 0  |8 A  |9 196992  |a BIBEDU  |b BIBEDU  |d 2019-11-14  |i 306784K  |l 1  |o 142.7 HEI 1960  |p 306784K  |r 2022-08-30  |s 2022-08-22  |w 2019-11-14  |y BK  |k FIL